000 00697nam a2200181 i 4500
001 42746
003 ES-MaACL
005 20250809031217.0
007 t|
008 030313s1914 sp ||||1| spa d
100 1 _aCerdá Vidal, Joaquín.
_937467
245 1 0 _aConferencia Naval de Londres
_b: disposiciones de su declaración del 26 de Febrero de 1909 relativas al contrabando de guerra : tesis para obtener el grado de Doctor en derecho /
_cpor Joaquín Cerdá Vidal.
260 _aMurcia :
_b[s.n.],
_c1914 (
_fImp. Sucesores de Nogués)
300 _a173 p. ;
_c22 cm.
650 7 _aDerecho marítimo internacional
_2embne
_911734
852 _aES-MaACL
_j1493-F-9
999 _c42746
_d42746